000 01023nam0a22002771 4500
001 rc\4106437
005 20130415165539.7
021 _aRU
_b[54-35334]
035 _a(NLR Aleph) 008142481
090 _a9493268
_c9493268
100 _a20130415d1954 |||y0rusy50 ca
101 0 _arus
102 _aRU
105 _aa z |||||
200 1 _aДобавочное опыление сельскохозяйственных культур
210 _aМосква
_cСельхозгиз
_d1954
215 _a32 с.
_cил.
_d20
225 1 _aБиблиотека колхозника
300 _aПеред загл. авт.: А.С. Мусийко, проф. д-р с.-х. наук
606 _aСельскохозяйственные культуры
_xОпыление искусственное
_2psbo
700 1 _aМусийко
_bА. С.
_f1903-1980
_gАлександр Самсонович
801 0 _aRU
_bNLR
_gpsbo
801 1 _aRU
_bELAR
_2rusmarc
852 _aNLR
_jС30 Г-4/1188
942 _cBOOK
980 _aNB